| 000 | 00967nam a22002537a 4500 | ||
|---|---|---|---|
| 999 |
_c5655 _d5655 |
||
| 003 | OSt | ||
| 005 | 20251013120126.0 | ||
| 008 | 251013b ||||| |||| 00| 0 eng d | ||
| 020 |
_a9781474915083 _qbook set |
||
| 040 | _cKH8 | ||
| 082 | _aFIC DAY | ||
| 100 |
_aDaynes, Katie, _eauthor. |
||
| 245 |
_aThe Story of Chocolate / _cKatie Daynes ; illustrated by Adam Larkum. |
||
| 260 |
_aEngland ; _bUsborne Publishing Ltd , _c2006. |
||
| 300 |
_a48 pages : _bcolour illustrations ; _c20 cm. |
||
| 490 |
_aUsborne Young Reading _vseries one |
||
| 520 | _aIt's the world's most popular treat, but where does chocolate come from? And why is it so delicious? Discover the bean behind each bar and follow its journey from the American rainforest to factories everywhere. | ||
| 650 |
_aEasy reading _vfiction |
||
| 650 |
_aStory book _vfiction |
||
| 650 | _aYoung readers | ||
| 700 |
_aLarkum, Adam, _eillustrator. |
||
| 830 | _aUsborne Young Reading | ||
| 942 |
_2ddc _cFIC |
||